MARC

LEADER 00000nas a2200000 a 4500
001 ssj0001072429
003 WaSeSS
005 20200512172242.0
006 m d
007 cr n
008 910507d19912005mx mr p s 0 0eng c
010 |a  91661741   |z sn 91017361  
015 |a 017229332  |2 dnb 
016 7 |a 1195804-2  |2 DE-600 
016 7 |a 017229332  |2 de-101 
016 7 |a 11958042  |2 de-600 
022 |l 0187-1455  |y 0187-1455 
035 |a (WaSeSS)ssj0001072429 
040 |a CLU  |b eng  |c CLU  |d HUL  |d DLC  |d NST  |d GUA  |d NST  |d IXA  |d WAU  |d DLC  |d GUA  |d OCLCQ  |d CDS  |d IXA  |d CUS  |d HUL  |d IXA  |d CRU  |d OCLCQ  |d GBVCP  |d OCLCF  |d OKS  |d GILDS  |d OCLCO  |d OCLCA  |d RDF  |d CBA  |d WaSeSS 
042 |a pcc 
043 |a n-mx--- 
050 0 0 |a HF3231  |b .B88 
050 1 4 |a F1201  |b .M43323 
130 0 |a Business Mexico (Mexico City, Mexico : 1991) 
245 1 0 |a Business Mexico  |h [electronic resource]. 
246 1 |i Issues for <Oct. 2005-> have title:  |a Bu$iness Mexico 
246 1 7 |a B$M 
260 |a Mexico City :  |b American Chamber of Commerce of Mexico,  |c [1991]-2005. 
310 |a Monthly 
362 0 |a Vol. 1, no. 1 (Mar. 1991)-v. 15, no. 12 (Dec. 2005). 
500 |a Title from cover. 
500 |a Final issue consulted. 
506 |a License restrictions may limit access. 
515 |a Issue for Apr. 1991 called v. 1, no. 1, but constitutes v. 1, no. 2. 
515 |a Dec./Jan. issue combined and called special edition. 
525 |a Some issues accompanied by supplements, <Oct. 2005-> 
580 |a Formed by the union of the quarterly publication: Business Mexico, and: Mexico update. 
648 7 |a Since 1982  |2 fast 
650 0 |a Business  |v Periodicals. 
650 7 |a Auslandshandelskammer  |2 stw 
650 7 |a USA  |2 stw 
650 7 |a Mexiko  |2 stw 
650 7 |a Business.  |2 fast  |0 (OCoLC)fst00842262 
650 7 |a Commerce.  |2 fast  |0 (OCoLC)fst00869279 
650 7 |a Economic history.  |2 fast  |0 (OCoLC)fst00901974 
651 0 |a Mexico  |x Commerce  |v Periodicals. 
651 0 |a Mexico  |x Economic conditions  |y 1982-1994  |v Periodicals. 
651 0 |a Mexico  |x Economic conditions  |y 1994-  |v Periodicals. 
651 7 |a Mexico.  |2 fast  |0 (OCoLC)fst01211700 
655 0 |a Electronic journals. 
710 2 |a American Chamber of Commerce of Mexico. 
780 1 4 |t Business Mexico  |x 0187-1455  |w (DLC) 90661033  |w (OCoLC)10535093 
780 1 4 |t Mexico update  |w (DLC)sn 92024045  |w (OCoLC)11596963 
850 |a CLU  |a CU-Riv  |a DLC  |a GU  |a ICarbS  |a InLP  |a MH-BA  |a NcD  |a NjP  |a TxU  |a WaU 
853 2 0 |8 1  |a v.  |b no.  |u 11  |v r  |i (year)  |j (month)  |w 11  |x 01  |y cm 12/01 
856 4 0 |z Full text available from PRISMA Database with HAPI Index: 03/01/1991 to 12/31/2005  |u https://search.proquest.com/publication/11861 
863 4 1 |8 1.1  |a <12>  |b <2>  |i <2002>  |j <02>